Survey of the Norwegian tax system in 1967 (Record no. 416327)

000 -LEADER
fixed length control field 00385cam a22001097a 4500
008 - FIXED-LENGTH DATA ELEMENTS--GENERAL INFORMATION
fixed length control field 180718b1967 xxu||||| |||| 00| 0 eng d
082 ## - DEWEY DECIMAL CLASSIFICATION NUMBER
Classification number L2x481 N83
100 ## - MAIN ENTRY--PERSONAL NAME
Personal name The Royal Ministry Of Finance And Customs
245 ## - TITLE STATEMENT
Title Survey of the Norwegian tax system in 1967
Statement of responsibility, etc. by The Royal Ministry Of Finance And Customs
260 ## - PUBLICATION, DISTRIBUTION, ETC.
Place of publication, distribution, etc.
Name of publisher, distributor, etc. The Royal Ministry Of Finance And Customs
Date of publication, distribution, etc. 1967
300 ## - PHYSICAL DESCRIPTION
Extent 91p
Holdings
Withdrawn status Lost status Damaged status Not for loan Permanent Location Current Location Date acquired Full call number Barcode Date last seen Price effective from Koha item type
        Indian Institute of Public Administration Indian Institute of Public Administration 2009-03-16 L2x481 N83 D544 2018-07-21 2018-07-21 D

Powered by Koha